000 00538 a2200181 4500
003 OSt
005 20240215155533.0
008 240207b |||||||| |||| 00| 0 eng d
020 _a9879393016065
040 _coclc
082 _a894.8128
_bSHA/N
100 _aShahid IIS, Muhammed
_910413
245 _aNingalkumavam servant of civil /
_c Muhammed Shahid IIS
250 _a1st ed.
260 _aKozhikode:
_bOlive Publications,
_c2022.
300 _a162p.
942 _2ddc
_cBK
_h894.8128
_iSHA/N
_k894.8128
_mSHA/N
999 _c44365
_d44365